000 00189nam a2200085 4500
001 1257539
005 20260216104911.0
245 _akesekağıdı ustaları
_cmehmet güler
260 _bözyürek
999 _c1257539
_d1257539